000 00711nam a2200217Ii 4500
003 JO-AjNU
008 230605s9999||||xx |||||||||||||| ||und||
017 _a2000/19084
020 _a977-277-227-2
040 _aJO-AjNU
_bara
_erda
_cJO-AjNU
041 _aara
050 1 4 _aRC111 2000
100 3 _aمنصور ، حسن فكري ,
_eauthor
_915148
245 0 0 _aدليل العائلة في الوقايه من الامراض المعدية
264 3 1 _aجدة:مكتبة الساعي للنشر ، 2000
300 _a142ص
336 _atext
_btxt
_2rdacontent
337 _aunmediated
_bn
_2rdamedia
338 _avolume
_bnc
_2rdacarrier
650 4 _aالامراض المعدية-علاجها
_915149
999 _aA4210
_c7778
_d7778